The theory of algebraic numbers

Uloženo v:
Podrobná bibliografie
Hlavní autoři: Pollard, Harry (Autor), Diamond, Harold G (Autor)
Médium: Kniha
Jazyk:angličtina
Vydáno: Nueva York Dover 1998
Vydání:3a. ed
Edice:Dover Books on Mathematics
Témata:
Tagy: Přidat tag
Žádné tagy, Buďte první, kdo vytvoří štítek k tomuto záznamu!

MARC

LEADER 00000nam a2200000 a 4500
001 UCO7098
003 CL-VaPUC
008 001110e19980000US |||||||||||||||||eng|d
082 0 4 |a 512.74  |b POL  |2 21 
100 0 |a Pollard, Harry  |e author  |9 451763 
700 0 |a Diamond, Harold G  |e author  |9 451764 
245 1 4 |a The theory of algebraic numbers 
250 |a 3a. ed 
300 |a 162 p 
942 |c BK 
945 |d 20001110 00:00:00  |a vberengu 
260 |a Nueva York  |b Dover  |c 1998 
650 7 |a NUMEROS ALGEBRAICOS  |2 CL-VaPUC  |9 451765 
650 0 |a Teoría algebraica de números  |9 887995 
583 |a last modification  |c 20001110 00:00:00  |k Rodrigo Vera 
490 0 |a Dover Books on Mathematics 
999 |c 292305  |d 292303 
952 |0 0  |1 0  |4 0  |6 512_740000000000000_POL_1998  |7 0  |8 A  |9 343084  |a BIBMAT  |b BIBMAT  |d 2019-11-20  |i 3662314  |o 512.74 POL 1998  |p 3662314  |r 2025-01-07  |w 2019-11-20  |y BK  |k MAT